Mikroštruktúrna analýza nábojníc pre ručnú strelnú zbraň = Microstructure analysis of shells for hand shoot gun : Diplomová práca
Na minha lista:
| Autor principal: | |
|---|---|
| Outros Autores: | |
| Formato: | Manuscrito Livro |
| Idioma: | eslovaco |
| Publicado em: |
Trnava :
STU v Bratislave MTF UMAT,
2009
|
| Assuntos: | |
| Tags: |
Sem tags, seja o primeiro a adicionar uma tag!
|
MARC
| LEADER | 00000ntm a22000003a 4500 | ||
|---|---|---|---|
| 001 | stu180039 | ||
| 005 | 20160719160125.7 | ||
| 008 | 090213s2009----xo------------------slo-d | ||
| 040 | |a STU |b slo | ||
| 041 | 0 | |a slo | |
| 044 | |a xo | ||
| 100 | 1 | |a Ondrejka, Tomáš |4 aut | |
| 245 | 1 | |a Mikroštruktúrna analýza nábojníc pre ručnú strelnú zbraň = Microstructure analysis of shells for hand shoot gun : |b Diplomová práca | |
| 260 | |a Trnava : |b STU v Bratislave MTF UMAT, |c 2009 | ||
| 300 | |a 68 s |c 1 CD-ROM | ||
| 500 | |a Študijný odbor: 5.2.26 materiály | ||
| 500 | |a Študijný program: technické materiály | ||
| 650 | 7 | |a mikroštruktúrna analýza |2 stusub | |
| 700 | 1 | |a Trnková, Lýdia |4 xxx |u M130 |U MTF Materiálovotechnologická fakulta |T MTF Katedra materiálového inžinierstva |U M130 |Y 481 | |
| 996 | |b 284M069654 |c M*DP-7569 |l MMSKP |s P |a 0 |w stu180039_0001 | ||